|
|
|
|
| LEADER |
00000naa a2200000uu 4500 |
| 001 |
vtls011085539 |
| 003 |
SK-MaSNL |
| 005 |
20260302105218.0 |
| 008 |
220810|2003 xo |||||||||||||||||cze| |
| 015 |
|
|
|a SNBRA
|
| 035 |
|
|
|a (urnnbn)urn:nbn:sk:snk:ar-a0cm39
|
| 035 |
|
|
|a (uuid)fe46110c-3807-4197-9c90-8b019d44e55c
|
| 035 |
|
|
|a urn:nbn:sk:snk-aavrz0
|
| 040 |
|
|
|a SNKBUCL
|b slo
|c SNKBUCL
|e AACR2
|
| 041 |
0 |
|
|a cze
|
| 044 |
|
|
|a xo
|c SK
|
| 100 |
1 |
|
|a Martinková, Z.
|4 aut
|9 783533
|
| 245 |
1 |
0 |
|a Vliv data tvorby lodyh na klíčivost nažek šťovíku tupolistého
|c Z. MARTINKOVÁ, A. HONĚK
|
| 246 |
3 |
|
|a The influence of fertile shoot bolting dáte on seed germinability in Rumex obtusifolius
|
| 700 |
1 |
|
|a Honěk, A.
|4 aut
|9 783534
|
| 773 |
0 |
|
|t XVI. slovenská a česká konferencia o ochrane rastlín
|d V Nitre : Slovenská poľnohospodárska univerzita, 2003
|g S. 256
|z 8080692351
|
| 954 |
|
|
|a odborná, vedecká literatúra cudzojazyčná (svetová)
|2 lita
|
| 958 |
|
|
|a OND
|
| 958 |
|
|
|a article12
|
| 958 |
|
|
|a chapter
|
| 999 |
|
|
|c 1237783
|d 1239713
|